[Event "FICGS W-ch st1 g11 email"]
[Site "FICGS email"]
[Date "2009.02.03"]
[Round "1"]
[White "Riccio, Domenico"]
[Black "Orlov, Sergei"]
[Result "1/2-1/2"]
[WhiteElo "2169"]
[BlackElo "1949"]
[PlyCount "57"]
[EventDate "2009.??.??"]
[EventType "tourn (corr)"]
[EventRounds "8"]
[SourceTitle "Corr 2022"]
[Source "ChessBase"]
[SourceDate "2021.10.24"]
[SourceVersion "1"]
[SourceVersionDate "2021.10.24"]
[SourceQuality "1"]

1. e4 e6 2. d4 d5 3. Nc3 Nf6 4. e5 Nfd7 5. f4 c5 6. Nf3 Nc6 7. Be3 a6 8. Be2 Qc7 9. 0-0 Be7 10. Qd2 0-0 11. dxc5 Nxc5 12. Rad1 b5 13. a3 Bb7 14. Qe1 Ne4 15. Nxe4 dxe4 16. Nd2 Rfd8 17. c3 Nb8 18. c4 b4 19. axb4 Bxb4 20. Qf2 Nd7 21. Nb3 Bf8 22. Nd4 Nc5 23. f5 exf5 24. Nxf5 Rxd1 25. Bxd1 Nd3 26. Qg3 g6 27. Nd6 Nxe5 28. Nxf7 Nf3+ 29. Rxf3 1/2-1/2

[Event "FICGS W-ch st1 g05 email"]
[Site "FICGS email"]
[Date "2008.07.08"]
[Round "1"]
[White "Orlov, Sergei"]
[Black "Faust, Dieter"]
[Result "1-0"]
[WhiteElo "1954"]
[BlackElo "1693"]
[PlyCount "75"]
[EventDate "2008.??.??"]
[EventType "tourn (corr)"]
[EventRounds "8"]
[SourceTitle "Corr 2022"]
[Source "ChessBase"]
[SourceDate "2021.10.24"]
[SourceVersion "1"]
[SourceVersionDate "2021.10.24"]
[SourceQuality "1"]

1. e4 d6 2. d4 Nf6 3. Nc3 g6 4. f4 Bg7 5. Nf3 0-0 6. e5 dxe5 7. fxe5 Nd5 8. Bc4 Nb6 9. Bb3 Bg4 10. 0-0 Nc6 11. Be3 Na5 12. h3 Nbc4 13. Qe2 Nxb3 14. Qxc4 Nxa1 15. hxg4 Nxc2 16. Bf2 Qd7 17. Rc1 Nxd4 18. Bxd4 Rfd8 19. Be3 Qd3 20. Qf4 Qa6 21. Rf1 Rd7 22. Ng5 Rf8 23. Qh2 h6 24. Nge4 Qc4 25. Rf3 Rdd8 26. Qh4 Qe6 27. Bxh6 Bxh6 28. Qxh6 Qxe5 29. Nf6+ exf6 30. Rh3 Rd1+ 31. Nxd1 Qe1+ 32. Kh2 Qe5+ 33. Rg3 Rd8 34. Nf2 c5 35. Qe3 Qxe3 36. Rxe3 Kg7 37. Ne4 Re8 38. Re2 1-0